Cuánto sabes de Chile: Medio - Estadísticas

Estadísticas generales
  • Esta prueba ha sido intentada 120 veces
    23 desde el último reinicio
  • La puntuación promedio es 7 de 13
Estadísticas de respuestas
Pregunta Respuesta % Correcto
¿Cuál de los siguientes no es chileno? Mafalda
95%
¿Cuál es el lema de Chile? Por la razón o la fuerza
91%
¿Con qué países se superpone la reclamación antártica de Chile? Argentina y Reino Unido
82%
¿Qué colores tuvo la primera bandera de Chile? Azul, Amarillo y Blanco
73%
¿En Español Chileno que significa "cuncuna"? Oruga
73%
¿Cuál es el nombre oficial de Chile? República de Chile
68%
¿Cuáles son las piedras nacionales de Chile? Combarbalita y Lapislázuli
45%
¿Cuáles territorios pertenecen a la Zona Insular de Chile? Juan Fernández, Salas y Gómez, Rapa Nui, Islas Desventuradas
36%
¿En qué ciudad nació el influencer chileno Germán Garmendia? Copiapó
32%
¿Cuál de estos récords es chileno? El volcán más grande y pequeño de Sudamérica
32%
¿Cuales son los requisitos en Chile para entrar en la categoría de "ciudad"? Tener más de 5.000 habitantes o ser capital regional/provincial
32%
¿Cuáles son los tres pueblos indígenas más numerosos de Chile? Los Mapuche, los Aymaras y los Diaguitas
23%
¿Cuál es el nombre del único sistema de escritura que se ha desarrollado en la Polinesia? Rongo Rongo
23%
No se encontraron pruebas coincidentes
Distribución de puntuación
Porcentaje de gente con cada puntuación
Porcentaje por número respondido
Historial de tus puntuaciones
No has intentado esta prueba desde el último reinicio